000 00238nam a22001217a 4500
999 _c23189
_d23189
003 Nust
005 20170410172929.0
008 170321b xxu||||| |||| 00| 0 eng d
020 _a8177582631
040 _aDLC
_bDLC
_cRCMS
082 _a621.382 RIC
100 _aRICHHARIA, M.
245 _aMOBILE SATELLITE COMMUNICATIONS
_cPrinciples and Trends
250 _a2nd, ed.
260 _aIndia
_bPearson Education
_cc 2001.
300 _aix,560, p:
_bill:
_c26,cm.
538 _iShelf # 15, Row # 2, Communication.
650 _a Internet, Groupware, & Telecommunications /Data in the Enterprise
856 _3Table of Content Only
942 _cBK
_2ddc